000 00825nam a2200253 i 4500
001 C2-0191552
003 PPAK
005 20180728095805.0
008 990105s1995 my a|||| ||||| | eng d
020 _a9676530891
040 _aPPAK
_beng
_cPPAK
_erda
082 0 4 _a959.5105
_2 23
090 0 0 _a959.5105
_bSMI
_dKMI
090 0 0 _a959.5105
_bSMI
_dR
100 1 _aSmith, Simon C.,
_eauthor
245 1 0 _aBritish relations with the Malay rulers from decentralization to Malayan independence
264 1 _aKuala Lumpur; New York :
_bOxford University Press ,
_c1995
300 _aviii, 234 pages :
_billustrations ;
_c23 cm
336 _2rdacontent
_atext
337 _2rdamedia
_aunmediated
338 _2rdacarrier
_avolume
650 1 0 _aMalaya - Politics and goverment. ; Malaya - King and rulers.
942 _ddc
_cB
999 _c156329
_d156329